| 000 | 01398nam a2200265Ia 4500 | ||
|---|---|---|---|
| 999 |
_c52399 _d52399 |
||
| 001 | 19419 | ||
| 003 | GE_BSU | ||
| 005 | 20200310195244.0 | ||
| 008 | 181216s1939||||ge |||||||||||||| ||geo|| | ||
| 040 | _cGE_BSU | ||
| 041 | _ageo | ||
| 080 | _a811.353.1(058) მ-80 | ||
| 245 |
_a აკად. ნ. მარის სახელობის ენის, ისტორიისა და მატერიალური კულტურის ინსტიტუტის მოამბე = Известия института языка, истории и материальной культуры им. акад. Н.Я. Марра = Bulletin De L'Institut Marr De Langues, D'Histoire et De Culture Materielle : _bმოამბე IV(2) / _cრედ. სიმონ ჯანაშია. |
||
| 264 |
_aტფილისი : _bმეცნ. აკად. საქ. ფილიალის გამ-ბა, _c1938. |
||
| 300 |
_a186 გვ. ; _c24 სმ. |
||
| 490 | _a(ენიმკის) მოამბე | ||
| 520 | _a(ენიმკის) მოამბე | ||
| 541 | _h1ლ. | ||
| 653 | _aენათმეცნიერება | ||
| 653 | _aისტორია | ||
| 653 | _aკულტურა | ||
| 653 | _aმოამბე IV(2) | ||
| 700 |
_aჯანაშია, სიმონ _eრედაქტორი _97706 |
||
| 942 |
_cBK _2udc |
||